Problem-solving in conservation biology and wildlife management : Exercises for class, field, and laboratory
This book, intended as a supplement to a conservation biology or wildlife management textbook, provides a series of exercises for the field, lab or classroom. Topics range from population viability analysis to conservation planning, rare species occurrence, and gap analysis. The authors plan to deve...
Zapisane w:
| 1. autor: | |
|---|---|
| Format: | Książka |
| Język: | Undetermined |
| Wydane: |
Malden, MA
Blackwell Science
1998
|
| Hasła przedmiotowe: | |
| Etykiety: |
Dodaj etykietę
Nie ma etykietki, Dołącz pierwszą etykiete!
|
| Thư viện lưu trữ: | Trung tâm Học liệu Trường Đại học Cần Thơ |
|---|
| LEADER | 01332nam a2200217Ia 4500 | ||
|---|---|---|---|
| 001 | CTU_141740 | ||
| 008 | 210402s9999 xx 000 0 und d | ||
| 082 | |a 333.9516 | ||
| 082 | |b G442 | ||
| 100 | |a Gibbs, James P. | ||
| 245 | 0 | |a Problem-solving in conservation biology and wildlife management : | |
| 245 | 0 | |b Exercises for class, field, and laboratory | |
| 245 | 0 | |c James P. Gibbs, Malcolm L. Hunter, Jr., Eleanor J. Sterling ; illustrated by Andrea Sulzer. | |
| 260 | |a Malden, MA | ||
| 260 | |b Blackwell Science | ||
| 260 | |c 1998 | ||
| 520 | |a This book, intended as a supplement to a conservation biology or wildlife management textbook, provides a series of exercises for the field, lab or classroom. Topics range from population viability analysis to conservation planning, rare species occurrence, and gap analysis. The authors plan to develop a web site in conjunction with the book so that free-ware programmes and other information can be downloaded for use in some of the exercises. | ||
| 650 | |a Bảo tồn sinh vật,Quản lý động vật hoang dã,Bảo tồn sinh vật,Conservation biology,Wildlife management,Conservation biology | ||
| 650 | |x Toán, bài tập, v..v..,Problems, exercises, etc. | ||
| 904 | |i Trọng Hải | ||
| 980 | |a Trung tâm Học liệu Trường Đại học Cần Thơ | ||